| 000 | nam a22 4500 | ||
|---|---|---|---|
| 999 |
_c30187 _d30187 |
||
| 008 | 190411b xxu||||| |||| 00| 0 eng d | ||
| 020 | _a9789966103451 | ||
| 050 |
_aBP 43 _b .J86 2016 |
||
| 100 | _aJuma Mishi Abdulrahman | ||
| 245 |
_aCrescent Islamic religious education secondary schools students' book four/ : _cMishi abdulrahman juma...[et al.]. |
||
| 260 |
_aNairobi : _bKenya Literature Bureau, _c2016 |
||
| 300 |
_avii,111p. ; _c25cm |
||
| 650 |
_aIslamic _xReligion _ySecondary Education |
||
| 942 |
_2lcc _cAFRICANA _hBP 43 .J86 2016 |
||